| 000 | 00568nam a22001815i 4500 | ||
|---|---|---|---|
| 001 | 54481 | ||
| 003 | ES-MaACL | ||
| 005 | 20250704063112.0 | ||
| 007 | t| | ||
| 008 | 960724s1884 fr ||||1| fre d | ||
| 040 |
_aCAM _bspa _cCAM |
||
| 100 | 1 |
_aFouillée, Alfred, _d1838-1912 _951939 |
|
| 245 | 1 | 3 |
_aLa propriété sociale et la démocratie / _cpar Alfred Feuillée. |
| 260 |
_aParis : _bHachette et Cie., _c1884 ( _eCoulommiers : _fPaul Brodard et Cie.) |
||
| 300 |
_aXI, [1], 294 p. ; _c19 cm. |
||
| 852 |
_aES-MaACL _jD-4673 |
||
| 999 |
_c54481 _d54481 |
||